000 00501nam a2200181Ia 4500
008 090124s9999 xx 000 0 und d
082 _b125139
100 _aकाशिकर एस.एम.
245 _a एकच प्रहार
250 _a1
260 _c1990
300 _a199
600 _aकाशिकर एस.एम.
630 _a एकच प्रहार
700 _aकाशिकर एस.एम.
730 _a एकच प्रहार
942 _cBOOK
999 _c171228
_d171228